000 00541nam a2200181 i 4500
001 74800
003 ES-MaACL
005 20230906172240.0
007 t|
008 040921s1972 sp ||||1| spa d
100 1 _aGourfinkel, Nina.
_959359
245 1 0 _aGorki según Gorki /
_cNina Gourfinkel ; [traducción de Manuel Castillo Molina].
260 _aBarcelona :
_bLaia,
_c1972.
300 _a191 p. ;
_c19 cm.
600 1 4 _aGor'kiï, Maksim.
_959128
700 1 _aCastillo Molina, Manuel.
_936753
852 _aES-MaACL
_jC-51198
_bR.83560
999 _c74800
_d74800